[Event "Wch U10 Girls"]
[Site "Batumi"]
[Date "2022.09.21"]
[Round "6"]
[White "Khikmatkhonova, Mokhinur"]
[Black "Fang, Arabella"]
[Result "0-1"]
[WhiteElo "1158"]
[BlackElo "1505"]
[PlyCount "45"]
[EventDate "2022.09.16"]
[EventType "swiss"]
[EventRounds "11"]
[EventCountry "GEO"]
[SourceTitle "EXT 2023"]
[Source "ChessBase"]
[SourceDate "2022.10.05"]
[SourceVersion "1"]
[SourceVersionDate "2022.10.05"]
[SourceQuality "1"]

1. d4 d5 2. Nc3 Nf6 3. Bf4 g6 4. Nb5 Na6 5. e3 Bg7 6. Nf3 Nh5 7. Bg3 Nxg3 8. fxg3 c6 9. Nc3 Qb6 10. Rb1 0-0 11. Be2 Bh6 12. Qd2 Nb4 13. Bd3 Nxd3+ 14. cxd3 Bf5 15. 0-0 Rae8 16. Kh1 f6 17. Qe2 e5 18. dxe5 Qxe3 19. Qxe3 Bxe3 20. Rfe1 Bxd3 21. Rxe3 Bxb1 22. Nxb1 fxe5 23. Kg1 0-1

[Event "Wch U10 Girls"]
[Site "Batumi"]
[Date "2022.09.18"]
[Round "3"]
[White "Fang, Arabella"]
[Black "Diaskyzy, Daliya"]
[Result "0-1"]
[WhiteElo "1505"]
[BlackElo "1199"]
[PlyCount "112"]
[EventDate "2022.09.16"]
[EventType "swiss"]
[EventRounds "11"]
[EventCountry "GEO"]
[SourceTitle "EXT 2023"]
[Source "ChessBase"]
[SourceDate "2022.10.05"]
[SourceVersion "1"]
[SourceVersionDate "2022.10.05"]
[SourceQuality "1"]

1. e4 c5 2. Nc3 Nc6 3. Bb5 Nd4 4. Nf3 g6 5. Nxd4 cxd4 6. Ne2 Bg7 7. Bd3 e6 8. c3 dxc3 9. dxc3 Nf6 10. Be3 b6 11. 0-0 0-0 12. h3 Bb7 13. Ng3 d5 14. Qc2 Qc7 15. Rfe1 Rad8 16. Rad1 Rfe8 17. a4 Bc6 18. Bd4 e5 19. Be3 Qd7 20. b3 Qc7 21. c4 d4 22. Bd2 a6 23. Ra1 a5 24. Rec1 Bf8 25. Bg5 Qd6 26. Qd2 Bg7 27. c5 Qc7 28. b4 bxc5 29. Rxc5 axb4 30. Bb5 Rd6 31. Rac1 Ree6 32. Qc2 d3 33. Bxd3 Qd7 34. Bc4 Re8 35. Bxf7+ Qxf7 36. Rxc6 b3 37. Qb2 Rxc6 38. Rxc6 Nd7 39. Ne2 Bf6 40. Bxf6 Nxf6 41. Nc3 Rb8 42. Rc5 Qe7 43. Rb5 Rxb5 44. axb5 Qb4 45. Kh2 Nd7 46. f3 Nc5 47. Nd5 Qxb5 48. Qxe5 b2 49. Nc3 Qb6 50. Qe8+ Kg7 51. Qe7+ Kg8 52. Qe8+ Kg7 53. Qe5+ Kg8 54. Qe8+ Kg7 55. Qe7+ Kg8 56. Qe5 Ne6 0-1